[Event "VIE-ch"]
[Site "Hanoi"]
[Date "2024.03.11"]
[Round "2"]
[White "Hoang, Canh Huan"]
[Black "Pham, Xuan Dat"]
[Result "1/2-1/2"]
[WhiteElo "2361"]
[BlackElo "2160"]
[PlyCount "69"]
[EventDate "2024.03.11"]
[EventType "swiss"]
[EventRounds "9"]
[EventCountry "VIE"]
[SourceTitle "CB13_2024"]
[SourceDate "2024.03.27"]
[SourceVersion "1"]
[SourceVersionDate "2024.03.27"]
[SourceQuality "1"]

1. e4 Nc6 2. Nf3 e5 3. Bc4 Nf6 4. d3 Be7 5. 0-0 0-0 6. c3 d6 7. Re1 Na5 8. Bb5 a6 9. Ba4 b5 10. Bc2 c5 11. Nbd2 Re8 12. Nf1 Bf8 13. Ng3 g6 14. h3 Nc6 15. a4 Rb8 16. axb5 axb5 17. Bb3 Na5 18. Ba2 c4 19. Be3 Qc7 20. Bb1 cxd3 21. Bxd3 Be6 22. Qe2 Nc4 23. Ng5 Bd7 24. Ra7 Qc6 25. Rea1 Nxe3 26. Qxe3 h6 27. Nf3 Ra8 28. R1a6 Qxa6 29. Rxa6 Rxa6 30. Qe2 Rb8 31. Kh2 Rab6 32. Nd2 Be6 33. Ngf1 d5 34. Ne3 dxe4 35. Nxe4 1/2-1/2

[Event "VIE-ch"]
[Site "Ha Tien"]
[Date "2023.09.16"]
[Round "7"]
[White "Hoang, Canh Huan"]
[Black "Tran, Vo Quoc Bao"]
[Result "1-0"]
[WhiteElo "2362"]
[BlackElo "1889"]
[PlyCount "59"]
[EventDate "2023.09.13"]
[EventType "swiss"]
[EventRounds "9"]
[EventCountry "VIE"]
[SourceTitle "EXT 2024"]
[Source "ChessBase"]
[SourceDate "2023.10.10"]
[SourceVersion "1"]
[SourceVersionDate "2023.10.10"]
[SourceQuality "1"]

1. e4 c6 2. d4 d5 3. exd5 cxd5 4. Bd3 Nc6 5. c3 Nf6 6. h3 g6 7. Qc2 Bg7 8. Nf3 0-0 9. 0-0 Nd7 10. Bg5 Qc7 11. Qb3 e5 12. Qxd5 exd4 13. cxd4 Qb6 14. Nbd2 Qxb2 15. Rab1 Nb6 16. Qc5 Qxa2 17. Bc4 Nxc4 18. Nxc4 Bf5 19. Rb2 Qa6 20. Nd6 Bd3 21. Re1 h6 22. Bf4 Rad8 23. Rb3 Na5 24. Rxd3 Qxd3 25. Qxa5 Bxd4 26. Nxd4 Qxd4 27. Be5 Qd3 28. Ne4 Qb3 29. Nf6+ Kg7 30. Nd7+ 1-0

[Event "Thailand op"]
[Site "Chiangmai"]
[Date "2023.07.03"]
[Round "8"]
[White "Laohawirapap, Prin"]
[Black "Hoang, Canh Huan"]
[Result "1/2-1/2"]
[WhiteElo "2349"]
[BlackElo "2382"]
[PlyCount "30"]
[EventDate "2023.06.28"]
[EventType "swiss"]
[EventRounds "9"]
[EventCountry "THA"]
[SourceTitle "CBM 215 Extra"]
[Source "ChessBase"]
[SourceDate "2023.09.30"]
[SourceVersion "1"]
[SourceVersionDate "2023.09.30"]
[SourceQuality "1"]

1. e4 c5 2. Nf3 d6 3. d4 cxd4 4. Nxd4 Nf6 5. Nc3 a6 6. Be3 e6 7. Be2 Be7 8. g4 Qc7 9. g5 Nfd7 10. h4 b5 11. a3 Bb7 12. h5 Nb6 13. Rg1 Nc4 14. Bxc4 Qxc4 15. Qg4 Nd7 1/2-1/2

[Event "Thailand op"]
[Site "Chiangmai"]
[Date "2023.06.30"]
[Round "4"]
[White "Hoang, Canh Huan"]
[Black "Chen, Kailin"]
[Result "1/2-1/2"]
[WhiteElo "2382"]
[BlackElo "2060"]
[PlyCount "25"]
[EventDate "2023.06.28"]
[EventType "swiss"]
[EventRounds "9"]
[EventCountry "THA"]
[SourceTitle "CBM 215 Extra"]
[Source "ChessBase"]
[SourceDate "2023.09.30"]
[SourceVersion "1"]
[SourceVersionDate "2023.09.30"]
[SourceQuality "1"]

1. b3 d5 2. Bb2 e6 3. e3 Nf6 4. Nf3 Be7 5. c4 0-0 6. d4 b6 7. Nc3 Bb7 8. Rc1 c5 9. cxd5 Nxd5 10. Nxd5 Bxd5 11. Bc4 Nc6 12. 0-0 cxd4 13. Bxd5 1/2-1/2

[Event "Thailand op"]
[Site "Chiangmai"]
[Date "2023.06.29"]
[Round "3"]
[White "Nay, Lin Tun2222"]
[Black "Hoang, Canh Huan"]
[Result "0-1"]
[WhiteElo "2055"]
[BlackElo "2382"]
[PlyCount "134"]
[EventDate "2023.06.28"]
[EventType "swiss"]
[EventRounds "9"]
[EventCountry "THA"]
[SourceTitle "CBM 215 Extra"]
[Source "ChessBase"]
[SourceDate "2023.09.30"]
[SourceVersion "1"]
[SourceVersionDate "2023.09.30"]
[SourceQuality "1"]

1. e4 c5 2. Nf3 Nc6 3. d4 cxd4 4. Nxd4 Qb6 5. Nb3 Nf6 6. Nc3 e6 7. Be3 Qc7 8. a3 d6 9. Be2 a6 10. f4 b5 11. Bf3 Bb7 12. 0-0 Be7 13. Qe2 0-0 14. Qf2 Nd7 15. g4 Bf6 16. g5 Bxc3 17. bxc3 Ne7 18. Bg2 d5 19. f5 dxe4 20. f6 Ng6 21. fxg7 Kxg7 22. Rad1 Rac8 23. h4 Nge5 24. Bd4 Kg8 25. Nd2 f5 26. gxf6 Rxf6 27. Qe2 Rg6 28. Kh1 Ng4 29. Bg1 Qd8 30. Qe1 Rh6 31. Bxe4 Qxh4+ 32. Qxh4 Rxh4+ 33. Kg2 Bxe4+ 34. Nxe4 Nge5 35. Nf6+ Nxf6 36. Rxf6 Rg4+ 37. Kf1 Rxc3 38. Bf2 Rxc2 39. Rxe6 Rf4 40. Rxe5 Rfxf2+ 41. Kg1 Rg2+ 42. Kh1 Rh2+ 43. Kg1 Rcg2+ 44. Kf1 Rh1+ 45. Kxg2 Rxd1 46. Re6 a5 47. Re5 Rd2+ 48. Kf3 Rd3+ 49. Kg2 Rb3 50. a4 bxa4 51. Rxa5 a3 52. Ra7 h5 53. Kh2 h4 54. Ra4 h3 55. Ra7 Kf8 56. Kg1 Ke8 57. Kh2 Kd8 58. Kg1 Kc8 59. Kh2 Kb8 60. Ra6 Kb7 61. Ra4 Kb6 62. Ra8 Kc5 63. Rg8 Rc3 64. Rc8+ Kb4 65. Rb8+ Ka4 66. Rb7 a2 67. Ra7+ Kb3 0-1

[Event "VIE-ch"]
[Site "Vung Tau"]
[Date "2023.03.05"]
[Round "5"]
[White "Hoang, Canh Huan"]
[Black "Dau, Khuong Duy"]
[Result "1/2-1/2"]
[WhiteElo "2383"]
[BlackElo "2252"]
[PlyCount "57"]
[EventDate "2023.03.03"]
[EventType "swiss"]
[EventRounds "9"]
[EventCountry "VIE"]
[SourceTitle "EXT 2024"]
[Source "ChessBase"]
[SourceDate "2023.10.10"]
[SourceVersion "1"]
[SourceVersionDate "2023.10.10"]
[SourceQuality "1"]

1. e4 c5 2. Nf3 d6 3. d4 cxd4 4. Qxd4 Nc6 5. Bb5 Bd7 6. Bxc6 Bxc6 7. Nc3 Nf6 8. Bg5 e6 9. 0-0-0 Be7 10. Qd3 0-0 11. Nd4 Rc8 12. f4 a6 13. Rhe1 b5 14. a3 Qb6 15. f5 Bd7 16. Nf3 b4 17. axb4 Qxb4 18. e5 dxe5 19. Bxf6 Bxf6 20. Qxd7 Rxc3 21. fxe6 e4 22. exf7+ Rxf7 23. Qe8+ Rf8 24. Qxe4 Rc4 25. Qe6+ Kh8 26. Ne5 Rc7 27. Qd6 Qb8 28. c3 Rxc3+ 29. Kb1 1/2-1/2

[Event "Titled Tuesday intern op 02nd Aug Early"]
[Site "Chess.com INT"]
[Date "2022.08.02"]
[Round "5"]
[White "Agasarov, Benik"]
[Black "Hoang, Canh Huan"]
[Result "1-0"]
[WhiteElo "2037"]
[BlackElo "2383"]
[PlyCount "93"]
[EventDate "2022.08.02"]
[EventType "swiss (blitz)"]
[EventRounds "11"]
[EventCountry "USA"]
[SourceTitle "EXT 2023"]
[Source "ChessBase"]
[SourceDate "2022.10.05"]
[SourceVersion "1"]
[SourceVersionDate "2022.10.05"]
[SourceQuality "1"]

1. e4 c5 2. Nf3 d6 3. Bb5+ Bd7 4. Bxd7+ Qxd7 5. 0-0 Nf6 6. Re1 e6 7. c3 Be7 8. d4 0-0 9. d5 e5 10. c4 Ne8 11. Nc3 f5 12. exf5 Qxf5 13. Ne4 Nd7 14. Bg5 Bxg5 15. Nfxg5 Nef6 16. f3 h6 17. Ne6 Nxe4 18. Nxf8 Nc3 19. Qd2 Rxf8 20. Qxc3 Rf7 21. a3 Qg5 22. Qe3 Rf4 23. b3 Qf6 24. Rad1 a5 25. Qc3 b6 26. b4 axb4 27. axb4 cxb4 28. Qxb4 Nc5 29. Rf1 Qg6 30. Qb1 Qf6 31. Rc1 Qd8 32. Qb5 Rd4 33. Ra1 Kh7 34. Rfd1 Rf4 35. Ra7 Qg5 36. Qb1+ e4 37. Rf1 Qg6 38. fxe4 Rg4 39. Qb2 Nxe4 40. Rff7 Qg5 41. Rxg7+ Qxg7 42. Rxg7+ Rxg7 43. Qxb6 Re7 44. Qe3 Kg7 45. c5 dxc5 46. d6 Re6 47. d7 1-0

[Event "Titled Tuesday intern op 02nd Aug Early"]
[Site "Chess.com INT"]
[Date "2022.08.02"]
[Round "6"]
[White "Hoang, Canh Huan"]
[Black "Jiganchine, Roman"]
[Result "0-1"]
[WhiteElo "2383"]
[BlackElo "2205"]
[PlyCount "108"]
[EventDate "2022.08.02"]
[EventType "swiss (blitz)"]
[EventRounds "11"]
[EventCountry "USA"]
[SourceTitle "EXT 2023"]
[Source "ChessBase"]
[SourceDate "2022.10.05"]
[SourceVersion "1"]
[SourceVersionDate "2022.10.05"]
[SourceQuality "1"]

1. e4 c6 2. d4 d5 3. exd5 cxd5 4. c4 Nf6 5. Nc3 Nc6 6. Nf3 Bg4 7. cxd5 Nxd5 8. Qb3 Bxf3 9. gxf3 e6 10. Qxb7 Nxd4 11. Bb5+ Nxb5 12. Qxb5+ Qd7 13. Nxd5 exd5 14. Qxd7+ Kxd7 15. Be3 Bb4+ 16. Ke2 Rhc8 17. Kd3 a5 18. Rhg1 g6 19. Rac1 Ke6 20. b3 Ba3 21. Rxc8 Rxc8 22. Bd2 Bb4 23. Rg4 f5 24. Rh4 Bxd2 25. Kxd2 h5 26. Ra4 Rc5 27. f4 Kd6 28. Kd3 Kc6 29. a3 Kb6 30. Kd4 Rc2 31. Kxd5 Rxf2 32. Ke5 Rxh2 33. b4 axb4 34. Rxb4+ Kc6 35. Rc4+ Kb6 36. Rd4 Kb5 37. a4+ Ka5 38. Rc4 Rg2 39. Rd4 h4 40. Rd3 Rg3 41. Rd2 Kxa4 42. Rb2 Ka3 43. Re2 h3 44. Rc2 Kb3 45. Rd2 Kc3 46. Ra2 Kc4 47. Ra4+ Kb5 48. Ra8 Kc4 49. Ra4+ Kb5 50. Ra8 Kc6 51. Kf6 Kd5 52. Ra5+ Ke4 53. Ra4+ Kf3 54. Ke5 h2 0-1

[Event "Titled Tuesday intern op 02nd Aug Early"]
[Site "Chess.com INT"]
[Date "2022.08.02"]
[Round "2"]
[White "Tanenbaum, Zachary Chen"]
[Black "Hoang, Canh Huan"]
[Result "1-0"]
[WhiteElo "2142"]
[BlackElo "2383"]
[PlyCount "111"]
[EventDate "2022.08.02"]
[EventType "swiss (blitz)"]
[EventRounds "11"]
[EventCountry "USA"]
[SourceTitle "EXT 2023"]
[Source "ChessBase"]
[SourceDate "2022.10.05"]
[SourceVersion "1"]
[SourceVersionDate "2022.10.05"]
[SourceQuality "1"]

1. e4 c5 2. Nf3 d6 3. d4 cxd4 4. Nxd4 Nf6 5. Nc3 a6 6. Be3 Nbd7 7. f3 e6 8. Qd2 b5 9. g4 Nb6 10. a3 Bb7 11. 0-0-0 Rc8 12. g5 Nfd7 13. h4 Ne5 14. f4 Nec4 15. Bxc4 Nxc4 16. Qd3 Qc7 17. Bd2 Nxd2 18. Qxd2 Be7 19. h5 Qc4 20. g6 hxg6 21. hxg6 Rxh1 22. gxf7+ Kxf7 23. Rxh1 Bf6 24. Rd1 Rh8 25. e5 dxe5 26. Ndxb5 axb5 27. Qd7+ Kg6 28. Qxb7 exf4 29. Rg1+ Kf5 30. Nxb5 Rd8 31. Qf7 Qxb5 32. Qg6+ Ke5 33. Rg5+ Bxg5 34. Qxg5+ Ke4 35. Qxb5 f3 36. Qb7+ Rd5 37. Qxg7 f2 38. Qg2+ Ke3 39. Qg3+ Ke2 40. Qg4+ Ke3 41. Qxe6+ Kf4 42. Qe2 Kg3 43. Qe3+ Kg2 44. Qe4+ Kg3 45. Qxd5 f1Q+ 46. Qd1 Qf4+ 47. Kb1 Qb8 48. Qd3+ Kf4 49. b4 Qb6 50. Kb2 Ke5 51. Kb3 Qe6+ 52. c4 Qg4 53. Qd5+ Kf6 54. Ka4 Qe2 55. Kb5 Qe8+ 56. Qc6+ 1-0

[Event "Titled Tuesday intern op 26th Jul Early"]
[Site "Chess.com INT"]
[Date "2022.07.26"]
[Round "3"]
[White "Al Tarbosh, Ward"]
[Black "Hoang, Canh Huan"]
[Result "1-0"]
[WhiteElo "2203"]
[BlackElo "2383"]
[PlyCount "117"]
[EventDate "2022.07.26"]
[EventType "swiss (blitz)"]
[EventRounds "11"]
[EventCountry "USA"]
[SourceTitle "EXT 2023"]
[Source "ChessBase"]
[SourceDate "2022.10.05"]
[SourceVersion "1"]
[SourceVersionDate "2022.10.05"]
[SourceQuality "1"]

1. e4 c5 2. Nf3 d6 3. d4 cxd4 4. Nxd4 Nf6 5. Nc3 a6 6. h3 e6 7. g4 Nfd7 8. Be3 Nc6 9. h4 Qc7 10. g5 b5 11. Nxc6 Qxc6 12. Qd4 Bb7 13. 0-0-0 Ne5 14. h5 Rc8 15. Be2 Nc4 16. Bxc4 Qxc4 17. f3 Qxd4 18. Rxd4 Be7 19. a3 0-0 20. Rd2 Rfd8 21. Rg2 d5 22. exd5 Bxd5 23. Nxd5 Rxd5 24. g6 fxg6 25. hxg6 h6 26. Kb1 Rf5 27. f4 Bd6 28. Rg4 Rcf8 29. Rd1 Bxf4 30. Bxf4 Rxf4 31. Rxf4 Rxf4 32. Rd8+ Rf8 33. Rd6 Re8 34. Rxa6 Kf8 35. Rb6 Ke7 36. Rxb5 Kf6 37. a4 Rh8 38. a5 h5 39. a6 h4 40. a7 Ra8 41. Rh5 Kxg6 42. Rxh4 Rxa7 43. Rg4+ Kf5 44. Rg1 g5 45. b4 g4 46. b5 Kf4 47. c4 g3 48. b6 Ra4 49. c5 Ra5 50. Rf1+ Ke4 51. Rc1 g2 52. c6 Rc5 53. Re1+ Kf3 54. b7 Kf2 55. b8Q Kxe1 56. Qb4+ Kf1 57. Qxc5 g1Q 58. Qxg1+ Kxg1 59. c7 1-0

[Event "Titled Tuesday intern op 26th Jul Early"]
[Site "Chess.com INT"]
[Date "2022.07.26"]
[Round "7"]
[White "Hoang, Canh Huan"]
[Black "Lopez del Alamo, Antonio"]
[Result "0-1"]
[WhiteElo "2383"]
[BlackElo "2242"]
[PlyCount "194"]
[EventDate "2022.07.26"]
[EventType "swiss (blitz)"]
[EventRounds "11"]
[EventCountry "USA"]
[SourceTitle "EXT 2023"]
[Source "ChessBase"]
[SourceDate "2022.10.05"]
[SourceVersion "1"]
[SourceVersionDate "2022.10.05"]
[SourceQuality "1"]

1. Nf3 g6 2. d4 Bg7 3. c3 d6 4. Bf4 Nf6 5. h3 0-0 6. e3 b6 7. Bd3 Bb7 8. Nbd2 Nbd7 9. 0-0 c5 10. Bh2 Rc8 11. Qe2 Re8 12. Rfd1 Qc7 13. Rac1 Qb8 14. Bb5 Qa8 15. Ba6 Bxa6 16. Qxa6 Nb8 17. Qe2 Qb7 18. a4 Nc6 19. Nb3 Ne4 20. Nfd2 Nxd2 21. Nxd2 Na5 22. b4 cxb4 23. cxb4 Nc6 24. Rb1 Nb8 25. b5 Nd7 26. Rdc1 Nf6 27. Nb3 Nd5 28. Qd2 f5 29. Qa2 Kh8 30. Qb2 Rxc1+ 31. Rxc1 Rc8 32. Nd2 Kg8 33. Kf1 Kf7 34. Ke2 Ke8 35. f3 Kd7 36. Kd3 a5 37. e4 fxe4+ 38. fxe4 Nf6 39. d5 Nxd5 40. Qxg7 Rxc1 41. exd5 Qxd5+ 42. Ke2 Rc2 43. Bf4 Qxg2+ 44. Ke3 Qxd2+ 45. Kf3 Qe2+ 46. Kg3 Rc3+ 47. Qxc3 Qe4 48. Be3 Qxa4 49. Qc6+ Ke6 50. Bxb6 Qb3+ 51. Kf2 a4 52. Qc8+ Kf7 53. Be3 a3 54. Qa8 Qxb5 55. Qxa3 Qf5+ 56. Kg3 h5 57. Qb3+ e6 58. Qb7+ Kf6 59. Qb2+ e5 60. Qd2 Ke6 61. Bg5 Qe4 62. Be3 Qd5 63. Qf2 Qe4 64. Qa2+ d5 65. Bf2 Qd3+ 66. Kg2 e4 67. Qb2 Qf3+ 68. Kg1 Kf5 69. Kh2 e3 70. Bg3 e2 71. Qc2+ Ke6 72. Qc8+ Ke7 73. Qc7+ Ke6 74. Qc6+ Kf5 75. Qd7+ Ke4 76. Qe6+ Kd3 77. Qxg6+ Kd2 78. Qg5+ Kd1 79. Qg6 e1Q 80. Qb1+ Kd2 81. Qxe1+ Kd3 82. Qb1+ Kd4 83. Qb2+ Ke4 84. Qd2 Qe3 85. Qc2+ Qd3 86. Qg2+ Qf3 87. Qc2+ Qd3 88. Qc7 Qf3 89. Kg1 Kd3 90. Kh2 Ke3 91. Qc3+ Ke2 92. Qc2+ Ke3 93. Qc3+ Ke2 94. Qe5+ Qe3 95. Qxh5+ Qf3 96. Qe5+ Kf1 97. Qd4 Qg2# 0-1

[Event "Titled Tuesday intern op 26th Jul Early"]
[Site "Chess.com INT"]
[Date "2022.07.26"]
[Round "4"]
[White "Hoang, Canh Huan"]
[Black "Marin Ramirez, Gerardo"]
[Result "1-0"]
[WhiteElo "2383"]
[BlackElo "2138"]
[PlyCount "53"]
[EventDate "2022.07.26"]
[EventType "swiss (blitz)"]
[EventRounds "11"]
[EventCountry "USA"]
[SourceTitle "EXT 2023"]
[Source "ChessBase"]
[SourceDate "2022.10.05"]
[SourceVersion "1"]
[SourceVersionDate "2022.10.05"]
[SourceQuality "1"]

1. b3 d5 2. Bb2 c6 3. Nf3 Nf6 4. e3 Bf5 5. d4 h6 6. Bd3 Bxd3 7. Qxd3 Nbd7 8. 0-0 e6 9. c4 Be7 10. Nbd2 0-0 11. Ne5 dxc4 12. Ndxc4 b5 13. Nxd7 Nxd7 14. Nd2 a6 15. Rac1 c5 16. Nf3 cxd4 17. Bxd4 Nf6 18. Rfd1 Qa5 19. Qe2 Rfd8 20. Ne5 Rdc8 21. Rc2 Qa3 22. Nc6 Bf8 23. Bb2 Rxc6 24. Bxa3 Rxc2 25. Qxc2 Bxa3 26. Qc6 Rf8 27. Qxa6 1-0

[Event "VIE-chT"]
[Site "Hanoi"]
[Date "2022.04.01"]
[Round "8.3"]
[White "Hoang, Canh Huan"]
[Black "Pham, Xuan Dat"]
[Result "0-1"]
[WhiteElo "2404"]
[BlackElo "2253"]
[PlyCount "80"]
[EventDate "2022.03.28"]
[EventType "swiss"]
[EventRounds "9"]
[EventCountry "VIE"]
[SourceTitle "EXT 2023"]
[Source "ChessBase"]
[SourceDate "2022.10.05"]
[SourceVersion "1"]
[SourceVersionDate "2022.10.05"]
[SourceQuality "1"]

1. e4 c5 2. Nc3 Nc6 3. g3 g6 4. Bg2 Bg7 5. d3 d6 6. f4 e6 7. Nf3 Nge7 8. 0-0 0-0 9. Be3 Nd4 10. e5 Nef5 11. Bf2 Rb8 12. exd6 b6 13. Ne4 Nxf3+ 14. Qxf3 Bb7 15. c3 Nxd6 16. Qe2 Qd7 17. a4 Rfd8 18. a5 Qb5 19. axb6 axb6 20. Rfe1 Ne8 21. Ra7 Rd7 22. b4 Bxe4 23. c4 Bxd3 24. cxb5 Bxe2 25. Rxd7 Bxb5 26. Ra7 Bc3 27. Rd1 Bxb4 28. Bf3 Nf6 29. g4 Bc4 30. Rd6 Bc3 31. Kg2 Nd5 32. Bg3 Rf8 33. h4 b5 34. Rdd7 b4 35. f5 Ne3+ 36. Kf2 Bd4 37. Rxd4 cxd4 38. Bd6 exf5 39. gxf5 Rd8 40. Bxb4 Nxf5 0-1

[Event "VIE-chT"]
[Site "Hanoi"]
[Date "2022.03.31"]
[Round "6.4"]
[White "Hoang, Canh Huan"]
[Black "Banh, Gia Huy"]
[Result "1/2-1/2"]
[WhiteElo "2404"]
[BlackElo "1889"]
[PlyCount "62"]
[EventDate "2022.03.28"]
[EventType "swiss"]
[EventRounds "9"]
[EventCountry "VIE"]
[SourceTitle "EXT 2023"]
[Source "ChessBase"]
[SourceDate "2022.10.05"]
[SourceVersion "1"]
[SourceVersionDate "2022.10.05"]
[SourceQuality "1"]

1. b3 Nf6 2. Bb2 g6 3. Nf3 Bg7 4. e3 0-0 5. d4 c5 6. dxc5 Qa5+ 7. Nbd2 Qxc5 8. a3 d6 9. Be2 Qc7 10. 0-0 Nc6 11. Rc1 Bf5 12. c4 Rfd8 13. b4 Rac8 14. Qb3 Ne4 15. Nxe4 Bxe4 16. Bxg7 Bxf3 17. Bxf3 Kxg7 18. Bg4 e6 19. c5 d5 20. Rfd1 Qe7 21. Be2 Kg8 22. b5 Ne5 23. Qb4 Rd7 24. f4 Nc4 25. Bxc4 dxc4 26. Rxd7 Qxd7 27. Rxc4 Qd1+ 28. Kf2 Rd8 29. Rd4 Qc2+ 30. Kg3 Rc8 31. Rc4 Qe2 1/2-1/2

[Event "VIE-chT"]
[Site "Hanoi"]
[Date "2022.03.30"]
[Round "4.2"]
[White "Hoang, Canh Huan"]
[Black "Nguyen, Lam Thien"]
[Result "1-0"]
[WhiteElo "2404"]
[BlackElo "2116"]
[PlyCount "120"]
[EventDate "2022.03.28"]
[EventType "swiss"]
[EventRounds "9"]
[EventCountry "VIE"]
[SourceTitle "EXT 2023"]
[Source "ChessBase"]
[SourceDate "2022.10.05"]
[SourceVersion "1"]
[SourceVersionDate "2022.10.05"]
[SourceQuality "1"]

1. b3 e5 2. Bb2 Nc6 3. e3 Nf6 4. c4 d5 5. cxd5 Nxd5 6. a3 Bd6 7. Qc2 0-0 8. Nf3 Re8 9. d3 a5 10. Be2 Be6 11. Nbd2 f6 12. 0-0 Bf8 13. Rfe1 Qd7 14. Bf1 Nb6 15. Ne4 Qf7 16. Nfd2 Rad8 17. Reb1 Kh8 18. Bc1 Qg6 19. Bb2 f5 20. Nc5 Bc8 21. Rc1 Nd5 22. Nf3 Bd6 23. Qc4 e4 24. dxe4 fxe4 25. Nh4 Qh5 26. g3 Be5 27. Be2 Qf7 28. Bxe5 Nxe5 29. Qxe4 g5 30. Nf3 Nxf3+ 31. Qxf3 Qg7 32. Bc4 Rf8 33. Qe2 Nf6 34. Be6 b6 35. Bxc8 bxc5 36. Bf5 Nd5 37. Bh3 Nc3 38. Qc2 g4 39. Bg2 Rd6 40. Qb2 Rfd8 41. Bf1 Ne4 42. Qxg7+ Kxg7 43. Rc4 Nd2 44. Rxg4+ Kf6 45. Rc1 Nxb3 46. Rc3 Rb8 47. Bd3 Nd2 48. Bxh7 c4 49. h4 Rb3 50. Rc1 c3 51. h5 Rxa3 52. h6 Ke7 53. Rg7+ Kf8 54. Bg6 Rf6 55. Kg2 Rb3 56. Rh1 Rb8 57. Rxc7 Kg8 58. Bc2 Rbf8 59. f4 Re8 60. Rxc3 Kh8 1-0

[Event "VIE-ch"]
[Site "Tinh Bac Giang"]
[Date "2022.02.28"]
[Round "7"]
[White "Dang, Hoang Son"]
[Black "Hoang, Canh Huan"]
[Result "1/2-1/2"]
[WhiteElo "2363"]
[BlackElo "2404"]
[PlyCount "89"]
[EventDate "2022.02.28"]
[EventType "swiss"]
[EventRounds "9"]
[EventCountry "VIE"]
[SourceTitle "CBM 207 Extra"]
[Source "ChessBase"]
[SourceDate "2022.05.31"]
[SourceVersion "1"]
[SourceVersionDate "2022.05.31"]
[SourceQuality "1"]

1. d4 Nf6 2. c4 c6 3. Nc3 d5 4. cxd5 cxd5 5. Bf4 Nc6 6. Nf3 a6 7. Rc1 e6 8. e3 Bd6 9. g3 0-0 10. Bd3 Qe7 11. h4 Rd8 12. Ne5 Bd7 13. h5 h6 14. g4 Bxe5 15. dxe5 Ne4 16. Qf3 Nxc3 17. bxc3 f6 18. Qg3 fxe5 19. Bxe5 Nxe5 20. Qxe5 Bb5 21. Bf5 Re8 22. Bg6 Rf8 23. f4 Qf6 24. Qxf6 gxf6 25. Kd2 Rac8 26. Rb1 Rc7 27. Rb4 Kg7 28. a4 Bc6 29. Rg1 a5 30. Rb6 e5 31. Bd3 exf4 32. exf4 d4 33. c4 Re8 34. Rbb1 Re3 35. g5 fxg5 36. fxg5 Rf7 37. Rbf1 Rxf1 38. Bxf1 Ra3 39. Rg4 Rxa4 40. Rxd4 hxg5 41. Rd6 Ra2+ 42. Ke3 Rh2 43. Rg6+ Kf7 44. Rxg5 a4 45. Ra5 1/2-1/2

[Event "VIE-ch"]
[Site "Tinh Bac Giang"]
[Date "2022.02.28"]
[Round "6"]
[White "Hoang, Canh Huan"]
[Black "Vo, Thanh Ninh"]
[Result "0-1"]
[WhiteElo "2404"]
[BlackElo "2359"]
[PlyCount "40"]
[EventDate "2022.02.28"]
[EventType "swiss"]
[EventRounds "9"]
[EventCountry "VIE"]
[SourceTitle "CBM 207 Extra"]
[Source "ChessBase"]
[SourceDate "2022.05.31"]
[SourceVersion "1"]
[SourceVersionDate "2022.05.31"]
[SourceQuality "1"]

1. e4 c5 2. Nc3 Nc6 3. f4 e6 4. Nf3 d5 5. Bb5 Nge7 6. 0-0 a6 7. Bxc6+ Nxc6 8. d3 Be7 9. a4 0-0 10. Qe2 Rb8 11. g4 f5 12. h3 Bf6 13. Qf2 Bd4 14. Nxd4 cxd4 15. Ne2 dxe4 16. dxe4 fxe4 17. Rd1 e5 18. Qg2 Be6 19. Qxe4 Bd5 20. Qd3 Nb4 0-1

[Event "VIE-ch"]
[Site "Tinh Bac Giang"]
[Date "2022.02.28"]
[Round "3"]
[White "Lu, Chan Hung"]
[Black "Hoang, Canh Huan"]
[Result "0-1"]
[WhiteElo "2174"]
[BlackElo "2404"]
[PlyCount "34"]
[EventDate "2022.02.28"]
[EventType "swiss"]
[EventRounds "9"]
[EventCountry "VIE"]
[SourceTitle "CBM 207 Extra"]
[Source "ChessBase"]
[SourceDate "2022.05.31"]
[SourceVersion "1"]
[SourceVersionDate "2022.05.31"]
[SourceQuality "1"]

1. c4 Nf6 2. g3 c6 3. Nf3 d5 4. b3 Bf5 5. d3 e6 6. Bg2 h6 7. 0-0 Be7 8. Nbd2 0-0 9. Re1 Bh7 10. e4 dxe4 11. dxe4 Nxe4 12. Nxe4 Qxd1 13. Rxd1 Bxe4 14. Bb2 Re8 15. Rd2 Na6 16. Re1 Bxf3 17. Bxf3 Bb4 0-1

[Event "VIE-ch"]
[Site "Ho Chi Minh City"]
[Date "2021.03.28"]
[Round "7"]
[White "Hoang, Canh Huan"]
[Black "Nguyen, Duc Hoa"]
[Result "1/2-1/2"]
[WhiteElo "2397"]
[BlackElo "2409"]
[PlyCount "27"]
[EventDate "2021.03.24"]
[EventType "swiss"]
[EventRounds "9"]
[EventCountry "VIE"]
[SourceTitle "EXT 2022"]
[Source "ChessBase"]
[SourceDate "2021.10.06"]
[SourceVersion "1"]
[SourceVersionDate "2021.10.06"]
[SourceQuality "1"]

1. d4 d5 2. Nf3 Nf6 3. Bf4 e6 4. e3 Bd6 5. Bg3 0-0 6. Nbd2 b6 7. Bd3 Bb7 8. c3 c5 9. Ne5 Nc6 10. Nxc6 Bxc6 11. Qe2 Re8 12. Nf3 a6 13. Ne5 Bb7 14. 0-0 1/2-1/2

[Event "Titled Tuesday intern op 21st April"]
[Site "Chess.com INT"]
[Date "2020.04.21"]
[Round "1"]
[White "Hoang, Canh Huan"]
[Black "Grunberg, Mihai Lucian"]
[Result "0-1"]
[WhiteElo "2397"]
[BlackElo "2401"]
[PlyCount "34"]
[EventDate "2020.04.21"]
[EventType "swiss (blitz)"]
[EventRounds "10"]
[EventCountry "USA"]
[SourceTitle "EXT 2021"]
[Source "ChessBase"]
[SourceDate "2020.10.23"]
[SourceVersion "1"]
[SourceVersionDate "2020.10.23"]
[SourceQuality "1"]

1. e4 Nf6 2. e5 Nd5 3. d4 d6 4. c4 Nb6 5. exd6 cxd6 6. Nc3 g6 7. Be3 Bg7 8. Rc1 0-0 9. b3 e5 10. dxe5 dxe5 11. Qxd8 Rxd8 12. c5 N6d7 13. Nf3 Nc6 14. Bc4 Na5 15. Be2 b6 16. cxb6 Nxb6 17. 0-0 Nc6 0-1

[Event "Titled Tuesday intern op 21st April"]
[Site "Chess.com INT"]
[Date "2020.04.21"]
[Round "5"]
[White "Hoang, Canh Huan"]
[Black "Van Foreest, Jorden"]
[Result "0-1"]
[WhiteElo "2397"]
[BlackElo "2682"]
[PlyCount "62"]
[EventDate "2020.04.21"]
[EventType "swiss (blitz)"]
[EventRounds "10"]
[EventCountry "USA"]
[SourceTitle "EXT 2021"]
[Source "ChessBase"]
[SourceDate "2020.10.23"]
[SourceVersion "1"]
[SourceVersionDate "2020.10.23"]
[SourceQuality "1"]

1. e4 c5 2. Nc3 d6 3. d4 cxd4 4. Qxd4 Nc6 5. Bb5 Bd7 6. Bxc6 Bxc6 7. Nf3 e5 8. Qd3 Be7 9. h3 Nf6 10. Bg5 h6 11. Bxf6 Bxf6 12. 0-0-0 Be7 13. Nd5 0-0 14. Rhe1 Bxd5 15. Qxd5 Qb6 16. Rd2 Rac8 17. Kb1 Rc5 18. Qb3 Rb5 19. Qc3 d5 20. Rxd5 Rxd5 21. exd5 Bb4 22. Qxe5 Bxe1 23. Qxe1 Rd8 24. c4 Qg6+ 25. Ka1 Qxg2 26. Qe7 Rc8 27. Nd2 Qxf2 28. Qxb7 Re8 29. Nb1 Re1 30. Qc8+ Kh7 31. d6 Qc2 0-1